[Event "Titled Tuesday intern op 19th Dec Early"]
[Site "Chess.com INT"]
[Date "2023.12.19"]
[Round "5"]
[White "Vila Dupla, Aurelio"]
[Black "Harutyunyan, Safar"]
[Result "1/2-1/2"]
[WhiteElo "2030"]
[BlackElo "2280"]
[PlyCount "109"]
[EventDate "2023.12.19"]
[EventType "swiss (blitz)"]
[EventRounds "11"]
[EventCountry "USA"]
[SourceTitle "CB52_2023"]
[SourceDate "2023.12.27"]
[SourceVersion "1"]
[SourceVersionDate "2023.12.27"]
[SourceQuality "1"]

1. Nf3 Nf6 2. d4 b6 3. g3 Bb7 4. Bg2 e6 5. 0-0 c5 6. c4 cxd4 7. Qxd4 Be7 8. Nc3 0-0 9. Rd1 Nc6 10. Qf4 Qb8 11. b3 Qxf4 12. Bxf4 Rac8 13. Bd6 Bxd6 14. Rxd6 Ne7 15. Ne5 Bxg2 16. Kxg2 Nf5 17. Rd3 d6 18. Nf3 Rfd8 19. e4 Ne7 20. Rad1 d5 21. exd5 exd5 22. Nxd5 Nexd5 23. cxd5 Rc2 24. a4 Ne4 25. Rd4 Nxf2 26. R1d2 Rxd2 27. Rxd2 Ne4 28. Rd4 Nd6 29. Ne5 Re8 30. Nc6 f6 31. Nxa7 Re2+ 32. Kf3 Rb2 33. Rd3 Kf7 34. Nb5 Nxb5 35. axb5 Ke7 36. d6+ Kd7 37. h4 Rc2 38. Rd5 Rc3+ 39. Kg4 Rxb3 40. h5 Re3 41. h6 gxh6 42. Kf5 Re6 43. g4 Rxd6 44. Rxd6+ Kxd6 45. Kxf6 Kc5 46. Kg7 Kxb5 47. Kxh6 Ka4 48. Kxh7 b5 49. g5 b4 50. g6 b3 51. g7 b2 52. g8Q b1Q+ 53. Kh8 Qb2+ 54. Qg7 Qxg7+ 55. Kxg7 1/2-1/2

[Event "Titled Tuesday intern op 28th Mar Early"]
[Site "Chess.com INT"]
[Date "2023.03.28"]
[Round "5"]
[White "Pham, Le Thao Nguyen"]
[Black "Harutyunyan, Safar"]
[Result "1-0"]
[WhiteElo "2369"]
[BlackElo "2327"]
[PlyCount "53"]
[EventDate "2023.03.28"]
[EventType "swiss (blitz)"]
[EventRounds "11"]
[EventCountry "USA"]
[SourceTitle "EXT 2024"]
[Source "ChessBase"]
[SourceDate "2023.10.10"]
[SourceVersion "1"]
[SourceVersionDate "2023.10.10"]
[SourceQuality "1"]

1. d4 Nf6 2. Nf3 e6 3. c4 d5 4. Nc3 Bb4 5. Bg5 h6 6. Bxf6 Qxf6 7. Qb3 c5 8. e3 0-0 9. a3 Bxc3+ 10. bxc3 dxc4 11. Bxc4 Nc6 12. Bb5 Bd7 13. 0-0 a6 14. Be2 Rab8 15. dxc5 e5 16. Rfd1 Be6 17. Qb6 e4 18. Nd4 Ne5 19. h3 Qg6 20. Kf1 Nd7 21. Qd6 Rfd8 22. Nxe6 fxe6 23. Bc4 Qf6 24. Qxe6+ Kh8 25. Rxd7 Qxc3 26. Rad1 Qxa3 27. Rxd8+ 1-0

[Event "Avoine op 36th"]
[Site "Avoine"]
[Date "2022.07.30"]
[Round "8"]
[White "Eugene, Floryan"]
[Black "Harutyunyan, Safar"]
[Result "1/2-1/2"]
[WhiteElo "2393"]
[BlackElo "2220"]
[PlyCount "70"]
[EventDate "2022.07.23"]
[EventType "swiss"]
[EventRounds "9"]
[EventCountry "FRA"]
[SourceTitle "CBM 209 Extra"]
[Source "ChessBase"]
[SourceDate "2022.09.30"]
[SourceVersion "1"]
[SourceVersionDate "2022.09.30"]
[SourceQuality "1"]

1. e4 c5 2. Nf3 d6 3. d4 cxd4 4. Nxd4 Nf6 5. Nc3 a6 6. Be3 e5 7. Nf3 Be7 8. Bc4 Be6 9. Bb3 0-0 10. 0-0 b5 11. Qe2 Qc7 12. Rfd1 Bxb3 13. axb3 Nbd7 14. Bg5 Rfc8 15. Ne1 Qb7 16. Bxf6 Nxf6 17. Nd5 Nxd5 18. Rxd5 Rc5 19. Rdd1 a5 20. c3 a4 21. Nd3 Rcc8 22. bxa4 bxa4 23. Nb4 a3 24. Rxa3 Rxa3 25. bxa3 Rxc3 26. Ra1 Bg5 27. g3 Qa7 28. a4 Qd4 29. Nd5 Rxg3+ 30. hxg3 Qxa1+ 31. Kg2 Qxa4 32. Qg4 h6 33. Qc8+ Kh7 34. Qf5+ Kg8 35. Qc8+ Kh7 1/2-1/2

[Event "FRA-ch U18"]
[Site "Agen"]
[Date "2022.04.24"]
[Round "8"]
[White "Harutyunyan, Safar"]
[Black "Decuigniere, Tom"]
[Result "1/2-1/2"]
[WhiteElo "2249"]
[BlackElo "2371"]
[PlyCount "83"]
[EventDate "2022.04.16"]
[EventType "swiss"]
[EventRounds "9"]
[EventCountry "FRA"]
[SourceTitle "EXT 2023"]
[Source "ChessBase"]
[SourceDate "2022.10.05"]
[SourceVersion "1"]
[SourceVersionDate "2022.10.05"]
[SourceQuality "1"]

1. e4 c6 2. d4 d5 3. Nc3 dxe4 4. Nxe4 Nf6 5. Nxf6+ exf6 6. c3 Bd6 7. Bd3 0-0 8. Qc2 Re8+ 9. Ne2 h5 10. 0-0 h4 11. h3 Nd7 12. Bd2 Nf8 13. Rae1 Be6 14. b3 Qd7 15. f4 f5 16. c4 Ng6 17. Kh1 Rad8 18. a4 Qc8 19. Ba5 b6 20. Bc3 Re7 21. Qb2 Rc7 22. Qd2 Re7 23. Qb2 Rc7 24. Qd2 Re7 25. Bb1 Rde8 26. Ng1 Bd7 27. Rxe7 Rxe7 28. d5 c5 29. Qb2 Nxf4 30. Rxf4 Bxf4 31. Bxg7 Qe8 32. Bf6 Be5 33. Bxe5 Rxe5 34. Nf3 Re2 35. Qf6 Qe7 36. Qh6 Qe3 37. Qxh4 Rb2 38. Qg3+ Kf8 39. Qd6+ Kg7 40. Qg3+ Kf8 41. Qd6+ Ke8 42. Bxf5 1/2-1/2

[Event "FRA-ch U18"]
[Site "Agen"]
[Date "2022.04.21"]
[Round "6"]
[White "Harutyunyan, Safar"]
[Black "Mathieu, Phileas"]
[Result "1-0"]
[WhiteElo "2249"]
[BlackElo "2368"]
[PlyCount "57"]
[EventDate "2022.04.16"]
[EventType "swiss"]
[EventRounds "9"]
[EventCountry "FRA"]
[SourceTitle "EXT 2023"]
[Source "ChessBase"]
[SourceDate "2022.10.05"]
[SourceVersion "1"]
[SourceVersionDate "2022.10.05"]
[SourceQuality "1"]

1. e4 d6 2. d4 Nf6 3. Nc3 g6 4. Be3 c6 5. h3 b5 6. a3 Bg7 7. Nf3 0-0 8. Be2 Nbd7 9. Qd2 Bb7 10. e5 Ne8 11. e6 fxe6 12. Ng5 Nc7 13. Bg4 e5 14. Be6+ Kh8 15. h4 exd4 16. Bxd4 Bxd4 17. Qxd4+ Nf6 18. h5 c5 19. Qd3 c4 20. Qd4 Nxe6 21. Nxe6 Qd7 22. Nxf8 Rxf8 23. hxg6 e5 24. Qh4 d5 25. Qh6 Qe7 26. Nxb5 Rg8 27. Nd6 Rb8 28. Nf5 Qe6 29. Qg7# 1-0

[Event "Avoine op 33rd"]
[Site "Avoine"]
[Date "2018.07.26"]
[Round "6"]
[White "Harutyunyan, Safar"]
[Black "Eugene, Floryan"]
[Result "0-1"]
[WhiteElo "2050"]
[BlackElo "2332"]
[PlyCount "108"]
[EventDate "2018.07.21"]
[EventType "swiss"]
[EventRounds "9"]
[EventCountry "FRA"]
[SourceTitle "CBM 185 Extra"]
[Source "ChessBase"]
[SourceDate "2018.07.29"]
[SourceVersion "1"]
[SourceVersionDate "2018.07.29"]
[SourceQuality "1"]

1. e4 e5 2. Nf3 Nc6 3. Bb5 a6 4. Ba4 Nf6 5. 0-0 Be7 6. Qe2 b5 7. Bb3 0-0 8. c3 d5 9. d3 Re8 10. Nbd2 h6 11. Rd1 Be6 12. a4 b4 13. exd5 Nxd5 14. Bxd5 Qxd5 15. c4 Qd7 16. Nb3 Rad8 17. Be3 Bg4 18. h3 Bh5 19. g4 Bg6 20. d4 exd4 21. Nbxd4 Nxd4 22. Rxd4 Qe6 23. Rad1 Bf6 24. Rxd8 Rxd8 25. Rxd8+ Bxd8 26. Qd2 Be7 27. b3 Qe4 28. Kg2 Qc6 29. Kg3 Be4 30. Nd4 Bd6+ 31. Bf4 g5 32. Bxd6 Qxd6+ 33. f4 gxf4+ 34. Kf2 Qf6 35. Ne2 Qh4+ 36. Kg1 Qxh3 37. Nxf4 Qxg4+ 38. Kf2 Qf3+ 39. Kg1 Kh7 40. c5 h5 41. Qh2 Qd1+ 42. Kf2 Qd2+ 43. Ne2 Qd5 44. Qxc7 Qxb3 45. Qe7 Qf3+ 46. Ke1 b3 47. Qe5 h4 48. Qg5 b2 49. Qxh4+ Kg6 50. Nf4+ Kf5 51. Qh7+ Kxf4 52. Qh6+ Kf5 53. Qh7+ Ke6 54. Qh6+ Bg6 0-1

[Event "Avoine op 33rd"]
[Site "Avoine"]
[Date "2018.07.23"]
[Round "3"]
[White "Gaulin, Jean Pierre"]
[Black "Harutyunyan, Safar"]
[Result "0-1"]
[WhiteElo "1548"]
[BlackElo "2050"]
[PlyCount "74"]
[EventDate "2018.07.21"]
[EventType "swiss"]
[EventRounds "9"]
[EventCountry "FRA"]
[SourceTitle "CBM 185 Extra"]
[Source "ChessBase"]
[SourceDate "2018.07.29"]
[SourceVersion "1"]
[SourceVersionDate "2018.07.29"]
[SourceQuality "1"]

1. d4 Nf6 2. Nf3 e6 3. Bg5 c5 4. e3 Nc6 5. c3 b6 6. Bd3 Bb7 7. Qa4 a6 8. Ne5 b5 9. Qd1 h6 10. Bh4 cxd4 11. exd4 Be7 12. Bxf6 Bxf6 13. f4 Nxe5 14. dxe5 Bh4+ 15. Kf1 Qb6 16. Qe2 0-0 17. Nd2 f6 18. Nf3 Bxf3 19. Qxf3 fxe5 20. g3 Bf6 21. Kg2 exf4 22. gxf4 b4 23. Rab1 bxc3 24. bxc3 Qa5 25. Rb7 Qxa2+ 26. Kh3 Qa4 27. Rhb1 Be7 28. c4 Rad8 29. Qe4 Rf5 30. Qf3 Rf6 31. Qe4 Qa5 32. Qf3 Bd6 33. f5 Qe5 34. Be4 Qxh2+ 35. Kg4 Qd2 36. Rh1 exf5+ 37. Bxf5 Qg5+ 0-1

[Event "Agneaux St Lo op 20th"]
[Site "Agneaux"]
[Date "2018.07.10"]
[Round "5"]
[White "Poley, Vladimir"]
[Black "Harutyunyan, Safar"]
[Result "1/2-1/2"]
[WhiteElo "2269"]
[BlackElo "2050"]
[PlyCount "110"]
[EventDate "2018.07.07"]
[EventType "swiss"]
[EventRounds "9"]
[EventCountry "FRA"]
[SourceTitle "CBM 185 Extra"]
[Source "ChessBase"]
[SourceDate "2018.07.29"]
[SourceVersion "1"]
[SourceVersionDate "2018.07.29"]
[SourceQuality "1"]

1. Nf3 Nf6 2. g3 b5 3. Bg2 Bb7 4. a4 b4 5. 0-0 e6 6. d3 d5 7. Nbd2 Be7 8. e4 c5 9. Re1 Nc6 10. e5 Nd7 11. h4 Qc7 12. Qe2 a5 13. Nf1 0-0-0 14. Bf4 Kb8 15. c4 dxc4 16. dxc4 h6 17. N1h2 Nb6 18. b3 Rd7 19. h5 Rhd8 20. Rad1 Nc8 21. Ng4 Bf8 22. Ne3 Rxd1 23. Rxd1 Rxd1+ 24. Qxd1 Qd8 25. Qxd8 Nxd8 26. Nd2 Bxg2 27. Nxg2 Nc6 28. Ne1 Nd4 29. Nd3 Ne2+ 30. Kg2 Nxf4+ 31. Nxf4 Kb7 32. Nd3 Na7 33. f4 Nc6 34. Nf3 Kb6 35. Kf2 Ne7 36. g4 Kc6 37. Ke3 g6 38. Nh4 gxh5 39. gxh5 Nf5+ 40. Nxf5 exf5 41. Kf3 Kd7 42. Nf2 Ke6 43. Nd3 Kd7 44. Kg3 Ke6 45. Kh3 Kd7 46. Kh2 Ke6 47. Kg3 Be7 48. Nf2 Bf8 49. Nd1 Be7 50. Ne3 Bd8 51. Nd5 Be7 52. Nb6 Bd8 53. Nd5 Be7 54. Kg2 Bd8 55. Kf3 Be7 1/2-1/2

[Event "Yerevan Asrian Memorial 10th"]
[Site "Yerevan"]
[Date "2017.06.24"]
[Round "4"]
[White "Harutyunyan, Safar"]
[Black "Sargsyan, Anna M"]
[Result "1/2-1/2"]
[WhiteElo "1909"]
[BlackElo "2127"]
[PlyCount "143"]
[EventDate "2017.06.21"]
[EventType "swiss"]
[EventRounds "9"]
[EventCountry "ARM"]
[SourceTitle "EXT 2018"]
[Source "ChessBase"]
[SourceDate "2017.10.13"]
[SourceVersion "1"]
[SourceVersionDate "2017.10.13"]
[SourceQuality "1"]

1. e4 Nf6 2. e5 Nd5 3. d4 d6 4. Nf3 Bg4 5. Be2 c6 6. 0-0 Bxf3 7. Bxf3 dxe5 8. dxe5 e6 9. c4 Ne7 10. Qxd8+ Kxd8 11. Bg5 Nd7 12. Re1 Kc7 13. Bxe7 Bxe7 14. Nc3 Rad8 15. a3 Nb6 16. Be2 a5 17. Rad1 Bg5 18. Ne4 Bf4 19. Nd6 Rhf8 20. Bf1 Nd7 21. b4 Bxe5 22. Ne4 axb4 23. axb4 h6 24. b5 f5 25. Rxd7+ Rxd7 26. Nc5 Bd6 27. Nxe6+ Kb6 28. Nxf8 Bxf8 29. bxc6 bxc6 30. Re5 g6 31. g3 Bc5 32. Kg2 Rd6 33. Re2 Bd4 34. Ra2 Kc5 35. Kf3 Kb4 36. h4 Kb3 37. Ra6 Bc5 38. Ra5 Kb4 39. Ra2 Rd1 40. Be2 Re1 41. Rd2 g5 42. hxg5 hxg5 43. Kg2 Kc3 44. Ra2 Kb3 45. Rd2 Bb4 46. Rd3+ Kxc4 47. Re3+ Kd4 48. Rd3+ Kc5 49. Bh5 Re6 50. Rf3 Rf6 51. Bg4 f4 52. Rd3 Kb6 53. Rd8 c5 54. Rd5 fxg3 55. fxg3 Rg6 56. Bh5 Rg7 57. Rd6+ Kb5 58. Be2+ Ka4 59. Bc4 Ka3 60. Kf3 Kb2 61. Kg4 Kc3 62. Be6 Ba3 63. Rd5 Re7 64. Bf5 Re3 65. Bg6 c4 66. Rxg5 Bd6 67. Kh3 Kb2 68. Kg2 c3 69. Kf2 Re6 70. Bd3 Kc1 71. Rd5 Rf6+ 72. Kg2 1/2-1/2

[Event "Angers op 12th"]
[Site "Angers"]
[Date "2017.05.26"]
[Round "2"]
[White "Harutyunyan, Ruben"]
[Black "Harutyunyan, Safar"]
[Result "1-0"]
[WhiteElo "2291"]
[BlackElo "1865"]
[PlyCount "33"]
[EventDate "2017.05.26"]
[EventType "swiss"]
[EventRounds "6"]
[EventCountry "FRA"]
[SourceTitle "CBM 178 Extra"]
[Source "ChessBase"]
[SourceDate "2017.06.22"]
[SourceVersion "1"]
[SourceVersionDate "2017.06.22"]
[SourceQuality "1"]

1. d4 Nf6 2. c4 e6 3. g3 c5 4. d5 b5 5. dxe6 fxe6 6. Bg2 d5 7. cxd5 exd5 8. Nc3 Bb7 9. Bg5 Be7 10. Nh3 b4 11. Bxf6 Bxf6 12. Nxd5 Bxb2 13. Nhf4 Bxa1 14. Qxa1 Qd7 15. Bh3 Qf7 16. Qe5+ Kf8 17. Qd6+ 1-0

[Event "EU-ch U12 26th"]
[Site "Prague"]
[Date "2016.08.26"]
[Round "8"]
[White "Harutyunyan, Safar"]
[Black "Mansoor, Afras"]
[Result "1-0"]
[WhiteElo "1867"]
[BlackElo "1728"]
[PlyCount "69"]
[EventDate "2016.08.18"]
[EventType "swiss"]
[EventRounds "9"]
[EventCountry "CZE"]
[SourceTitle "CBM 174 Extra"]
[Source "ChessBase"]
[SourceDate "2016.10.10"]
[SourceVersion "1"]
[SourceVersionDate "2016.10.10"]
[SourceQuality "1"]

1. e4 Nf6 2. e5 Nd5 3. d4 d6 4. Nf3 Bg4 5. Be2 e6 6. h3 Bf5 7. c3 Be7 8. Qb3 0-0 9. Qxb7 Nd7 10. Qa6 Rb8 11. exd6 Bxd6 12. 0-0 Qf6 13. Bg5 Qg6 14. g4 Bxg4 15. hxg4 h6 16. Bd3 f5 17. Qc6 N7f6 18. gxf5 exf5 19. Bc4 Rfd8 20. Bxd5+ Kf8 21. Kg2 Rb6 22. Qc4 hxg5 23. Rh1 Bf4 24. Rh8+ Ke7 25. Bf7 Rxh8 26. Bxg6 g4 27. Qf7+ Kd8 28. Nbd2 gxf3+ 29. Nxf3 Kc8 30. b3 Kb7 31. Bxf5 g5 32. Re1 Bd6 33. Qxf6 Rf8 34. Qxg5 Rb5 35. Ne5 1-0